书目信息 |
| 题名: |
图说西方建筑艺术
|
|
| 作者: | 苏华 , 红锋 , 连爱兰 编著 | |
| 分册: | ||
| 出版信息: | 上海 上海三联书店 2008.09 |
|
| 页数: | 266页 | |
| 开本: | 24cm | |
| 丛书名: | ||
| 单 册: | ||
| 中图分类: | TU-881.1 | |
| 科图分类: | ||
| 主题词: | 建筑艺术--西方国家--图集 , 建筑艺术 | |
| 电子资源: | ||
| ISBN: | 978-7-5426-2826-8 | |
| 000 | 00908nam0 2200265 450 | |
| 001 | 010010019658 | |
| 005 | 20091202091604.01 | |
| 010 | @a978-7-5426-2826-8@dCNY28.00 | |
| 100 | @a20081025d2008 em y0chiy0110 ea | |
| 101 | 0 | @achi |
| 102 | @aCN@b310000 | |
| 105 | @aa z 000yy | |
| 106 | @ar | |
| 200 | 1 | @a图说西方建筑艺术@9tu shuo xi fang jian zhu yi shu@f苏华,红锋,连爱兰编著 |
| 210 | @a上海@c上海三联书店@d2008.09 | |
| 215 | @a266页@d24cm | |
| 330 | @a本书将为你系统地介绍西方由古到今各个历史时期的建筑。从古代美索不达来亚地区神庙、古埃及的金字塔到古希腊、古罗马建筑,以及哥特式建筑、巴洛克建筑等,都一一呈现在你眼前。 | |
| 606 | 0 | @a建筑艺术@y西方国家@j图集 |
| 606 | 0 | @a建筑艺术 |
| 690 | @aTU-881.1@v4 | |
| 701 | 0 | @a苏华@9su hua@4编著 |
| 701 | 0 | @a红锋@9hong feng@4编著 |
| 701 | 0 | @a连爱兰@9lian ai lan@4编著 |
| 801 | 0 | @aCN@bRENTIAN@c20091202 |
| 905 | @b794333-38@dTU-881.1@e78@f6 | |
| 图说西方建筑艺术/苏华,红锋,连爱兰编著.-上海:上海三联书店,2008.09 |
| 266页;24cm |
| ISBN 978-7-5426-2826-8:CNY28.00 |
| 本书将为你系统地介绍西方由古到今各个历史时期的建筑。从古代美索不达来亚地区神庙、古埃及的金字塔到古希腊、古罗马建筑,以及哥特式建筑、巴洛克建筑等,都一一呈现在你眼前。 |
| ● |
| 相关链接 |
|
|
|
|
正题名:图说西方建筑艺术
索取号:TU-881.1/78
 
预约/预借
| 序号 | 登录号 | 条形码 | 馆藏地/架位号 | 状态 | 备注 |
| 1 | 794333 | 207943332 | 第二样本阅览室/ [索取号:TU-881.1/78] | 在馆 | |
| 2 | 794334 | 207943341 | 第三借阅区/ [索取号:TU-881.1/78] | 在馆 | |
| 3 | 794335 | 207943350 | 第三借阅区/ [索取号:TU-881.1/78] | 在馆 | |
| 4 | 794336 | 207943369 | 第三借阅区/ [索取号:TU-881.1/78] | 在馆 | |
| 5 | 794337 | 207943378 | 第三借阅区/ [索取号:TU-881.1/78] | 在馆 | |
| 6 | 794338 | 207943387 | 第三借阅区/ [索取号:TU-881.1/78] | 在馆 |